DIR EN GREYのアルバム名 読み - Statistics

General Stats
  • This quiz has been taken 4 times
  • The average score is 8 of 11
Answer Stats
ALBUM Answer 備考 % Correct
鬼葬 きそう 3rd
100%
UROBOROS ウロボロス 7th
100%
PHALARIS ファラリス 11th
100%
VULGAR ヴァルガ 4th
75%
Withering to death. ウィザリングトゥデス 5th
75%
THE MARROW OF A BONE ザマロウオブアボーン 6th
75%
ALCHE アルケー 9th
75%
GAUZE ガーゼ 1st
50%
The Insulated World ザインサレイテッドワールド 10th
50%
MACABRE マカブラ 2nd
25%
DUM SPIRO SPERO ドゥムスピーロウスペイロウ 8th
25%
No matching quizzes found
Score Distribution
Percent of People with Each Score
Percentile by Number Answered
Your Score History
You have not taken this quiz